[Event "Toronto NAYCC U14"]
[Site "Toronto"]
[Date "2013.08.17"]
[Round "6"]
[White "Yaskolko, Alexander"]
[Black "D'Alonzo, Joseph"]
[Result "1-0"]
[WhiteElo "1720"]
[BlackElo "1228"]
[PlyCount "69"]
[EventDate "2013.08.14"]
[EventType "swiss"]
[EventRounds "9"]
[EventCountry "CAN"]
[SourceTitle "EXT 2022"]
[Source "ChessBase"]
[SourceDate "2021.10.06"]
[SourceVersion "1"]
[SourceVersionDate "2021.10.06"]
[SourceQuality "1"]

1. e4 e6 2. d4 d5 3. Nc3 Nf6 4. Bg5 Be7 5. e5 Nfd7 6. Bxe7 Qxe7 7. f4 0-0 8. Nf3 c5 9. Qd2 Nc6 10. dxc5 Qxc5 11. 0-0-0 Ne7 12. g4 Ng6 13. a3 a6 14. h4 f6 15. h5 Nxf4 16. Na4 Qc6 17. Qxf4 fxe5 18. Qb4 Rxf3 19. h6 g6 20. Bd3 e4 21. Be2 Rf7 22. Rhf1 Ne5 23. Qd4 Qd6 24. Nb6 Rb8 25. Rxf7 Kxf7 26. Rf1+ Ke7 27. Qf2 Bd7 28. Qf6+ Ke8 29. Qh8+ Ke7 30. Qxh7+ Kd8 31. Nxd7 Qxd7 32. Rf8+ Kc7 33. Qxd7+ Nxd7 34. Rxb8 Kxb8 35. h7 1-0

[Event "Toronto NAYCC U14"]
[Site "Toronto"]
[Date "2013.08.14"]
[Round "1"]
[White "Graif, William"]
[Black "Yaskolko, Alexander"]
[Result "1-0"]
[WhiteElo "2096"]
[BlackElo "1720"]
[PlyCount "63"]
[EventDate "2013.08.14"]
[EventType "swiss"]
[EventRounds "9"]
[EventCountry "CAN"]
[SourceTitle "EXT 2022"]
[Source "ChessBase"]
[SourceDate "2021.10.06"]
[SourceVersion "1"]
[SourceVersionDate "2021.10.06"]
[SourceQuality "1"]

1. e4 c5 2. Nf3 d6 3. d4 cxd4 4. Nxd4 Nf6 5. Nc3 g6 6. Be3 Bg7 7. f3 0-0 8. Qd2 Nc6 9. 0-0-0 d5 10. exd5 Nxd5 11. Nxc6 bxc6 12. Bd4 Nxc3 13. Qxc3 Bxd4 14. Rxd4 Qb6 15. h4 Be6 16. h5 Rfd8 17. Rdh4 g5 18. Re4 c5 19. Bd3 Rd4 20. Re5 Rd5 21. Rxd5 Bxd5 22. Qe5 Be6 23. Qxg5+ Kh8 24. h6 Rg8 25. Qe5+ f6 26. Qe4 Rg6 27. f4 c4 28. Be2 Qc5 29. Qxe6 Rxg2 30. Rd1 Rg8 31. f5 c3 32. Qxg8+ 1-0